Central African Capitals - Statistics

General Stats
  • This quiz has been taken 59 times
  • The average score is 5 of 8
Answer Stats
Country Answer % Correct
São Tomé and Príncipe São Tomé
90%
Congo Brazzaville
67%
D.R.C. Kinshasa
62%
Cameroon Yaoundé
62%
Gabon Libreville
57%
C.A.R. Bangui
52%
Equatorial Guinea Ciudad de la Paz
52%
Chad N'Djamena
48%
No matching quizzes found
Score Distribution
Percent of People with Each Score
Percentile by Number Answered
Your Score History
You have not taken this quiz